000 01208nam0a2200361 4500
001 RU\NLR\bibl\424897
005 20260406051356.0
010 _a5-8405-0055-0
_910000
021 _aRU
_b2003-29464
_91385
035 _a(NLR Aleph) 000418796
090 _a681676
_c681676
100 _a20030717d2003 |||y0rusy50 ca
101 0 _arus
102 _aRU
105 _aa |||||||||
200 1 _aЦветы в моем доме
_f[Г. К. Тавлинова]
210 _aМ.
_cМир кн.
_d2003
215 _a349 с.
_cил.
_d24
225 1 _aЭнциклопедия современной женщины
225 1 _aХозяюшка
606 0 _aКомнатное цветоводство
_91344292
_3RU\NLR\auth\66560763
610 0 _aЦветоводство комнатное
675 _a635.9(035)
_v3
_zrus
686 _a68.35
_2rugasnti
686 _a42.374я2
_2rubbk
686 _aП274-455.5
702 1 _4220
_8rus
_7ca
_aТавлинова
_bГ. К.
_gГалина Константиновна
_3RU\NLR\auth\776665
_9116614
801 0 _aRU
_bRKP
_c20030717
_gPSBO
801 1 _aRU
_bRKP
_c20030717
801 2 _aRU
_bNLR
_c20040503
_grcr
942 _cBOOK
980 _aNB